01745agaaa2200289 45000010005000000030009000050050017000140070009000310080040000400400023000800410013001031000047001161300009001632450172001722500022003442600119003663000034004855080182005195110088007015200402007895380016011915460013012076500059012207000060012797000059013397000057013985413IT-RoPAU20220918181249.0d cvaizq50131s9999||||xx ||| | || ||und|| aIT-RoPAUcIT-RoPAU aITALIANO aPolanski RomangCodice regista SPICS: 1627 aTESS aTESScProdotto da: Berri Claude -- Sceneggiatura: Brach Gerard Brownjohn John Polanski Roman -- Diretto da: Polanski RomanpTESS (Rif. Codice opera principale : H5413) aEdizione Standard aFRANCIA (FRANCIA - UK)bRENN PRODUCTIONS / Distribuzione: RICORDIg"1979 (1° ed.: 2005 ; Ed. Lingua Orig.: 1979)" aDVDbsonoro, col.c190 minuti a"Fotografia: Cloquet G Unsworth G; Montaggio: Mcintyre Alastair; Musica: Sarde Philippe; Sceneggiatura: Brach Gerard Brownjohn John Polanski Roman; Scenografia: Stephens Jack; " a"Kinski Nastassja; Firth Peter; Bett John; Chadbon Tom; Collin John; Dunlop Leslie" aINGHILTERRA, XIX SECOLO. LE VICISSITUDINI E I DRAMMI SENTIMENTALI DI UNA GIOVANE DONNA SEDOTTA E ABBANDONATA DA UN UOMO SENZA SCRUPOLI. PRIMA IL RIPUDIO DEL MARITO CHE SCOPRE IL SUO PASSATO. IL DELIRIO DELLA VENDETTA CHE POISFOCIA IN UN TURPE OMICIDIO. MELODRAMMA D'ALTRI TEMPI SOFISTICATO E SENSUALE. VINCITORE DI E PREMI OSCAR 1980 (MIGLIOR FOTOGRAFIA, MIGLIOR SCENEGGIATIURA, MIGLIORI COSTUMI). aPAL, STEREO aITALIANO aDRAMMATICOeDVD-FILM [DVD]xCodice MATERIA SPICS: 9947 aHardy Thomas e(soggetto)gCodice Soggetto SPICS: 28885 aPolanski Roman e(regista)gCodice regista SPICS: 1627 aSarde Philippee(musica)gCodice Musica SPICS: 11145